000 00558nam a2200181 a 4500
001 6840
003 CO-ViMGA
008 141112s2004 ck r 000 u spa d
040 _aCO-ViMGA
_bspa
_cCO-ViMGA
082 0 4 _aCo863 J171
100 1 _aJaramillo - Zuluaga, Eduardo
_95806
245 1 0 _aEl deseo y el decoro :
_bpuntos de herejia en la novela Colombiana
260 _aSantafé de Bogotá :
_bTercer mundo,
_c1994
300 _a213 p
650 1 4 _aNOVELA COLOMBIANA - CRITICA E INTERPRETACION
_95807
650 1 4 _aNOVELA EROTICA
_97837
942 _2ddc
_cBK
999 _c18809
_d18809